| 000 | 00835nac a22002651i 4500 | ||
|---|---|---|---|
| 003 | BUEsh | ||
| 005 | 20230525092931.0 | ||
| 008 | 230525s1982 nyua f b 001 0 eng d | ||
| 020 | _a9780070692572 | ||
| 020 | _a0070692572 | ||
| 040 |
_aBUEsh _beng _erda _cBUEsh _dBUEsh |
||
| 082 | 0 | 4 |
_a720 _bWEL _222 |
| 100 | 1 |
_aWells, Malcolm, _eauthor. |
|
| 245 | 1 | 0 |
_aGentle architecture / _cMalcolm Wells. |
| 250 | _aFirst edition. | ||
| 264 | 1 |
_aNew York : _bMcGraw-Hill Book Company, _c1982. |
|
| 300 |
_aix, 178 pages : _billustrations ; _c24 cm |
||
| 336 |
_2rdacontent _atext _btxt |
||
| 337 |
_2rdamedia _aunmediated _bn |
||
| 338 |
_2rdacarrier _avolume _bnc |
||
| 504 | _aIncludes bibliographical references and index. | ||
| 650 | 7 |
_aArchitecture _xEnvironmental aspects. _2BUEsh |
|
| 655 | _vReading book | ||
| 942 |
_cBB _2ddc |
||
| 999 |
_c5688 _d5688 |
||